A Coney Island of the mind /

সংরক্ষণ করুন:
গ্রন্থ-পঞ্জীর বিবরন
প্রধান লেখক: Ferlinghetti, Lawrence (লেখক)
বিন্যাস: গ্রন্থ
ভাষা:ইংরেজি
প্রকাশিত: New York : New Directions, c1958
মালা:New directions paperbook ; 74
ট্যাগগুলো: ট্যাগ যুক্ত করুন
কোনো ট্যাগ নেই, প্রথমজন হিসাবে ট্যাগ করুন!

MARC

LEADER 00000nam a22000007i 4500
001 IT\ICCU\UBO\2201955
003 ItRI
005 20260115231823.0
008 030530s1958 xxu|||||| ||||| |||||c
020 |a 0811200418 
040 |b ita  |c importazione bologna sebina 
041 7 |a eng  |2 ISO-639-2 
082 |a 811.54  |9 POESIA AMERICANA IN LINGUA INGLESE, 1945-1999  |2 23 
100 1 |a Ferlinghetti, Lawrence  |0 IT\ICCU\RAVV\027262  |4 aut 
240 1 2 |a A Coney Island of the mind  |3 IT\ICCU\RAV\0060900  |9 Ferlinghetti, Lawrence 
245 1 2 |a A Coney Island of the mind /  |c poems by Lawrence Ferlinghetti. 
260 |a New York :  |b New Directions,  |c c1958 
300 |a 93 p. ;  |c 21 cm. 
830 0 |a New directions paperbook ;  |v 74  |0 IT\ICCU\UFE\1015545 
942 |2 ddc  |c BK  |n 0 
952 |0 0  |1 0  |4 0  |6 DOC_811_540000000000000_FER  |7 0  |9 13501  |a BO  |b BO  |d 2026-01-15  |i 3555  |l 0  |o DOC 811.54 FER  |p BO3555  |r 2026-01-15 23:18:23  |w 2026-01-15  |x [Sebina 5] [1 v.]  |y BK  |z 1 v. 
999 |c 11604  |d 11604